| 000 | 01028nam a2200301 i 4500 | ||
|---|---|---|---|
| 001 | 000019722 | ||
| 003 | DO-SdBNP | ||
| 005 | 20250508100114.0 | ||
| 007 | ta | ||
| 008 | 100705s2002 dr r 000 0 spa d | ||
| 040 |
_aDO-SdBNP _bspa _cBNPHU _erda |
||
| 041 | _aspa | ||
| 049 | _aBNPD | ||
| 082 | 4 |
_a613.8 _bG643c _222 |
|
| 100 |
_aGonzález Menéndez, Ricardo, _eautor _4aut. _942176 |
||
| 245 | 1 | 0 |
_aContra las adicciones clínica y terapéutica / _cRicardo González Menéndez ; prólogo, Eduardo B. Ordaz Ducungé. |
| 264 | 1 |
_aLa Habana : _bCientífica-Técnica, _c2002. |
|
| 300 |
_a146 páginas ; _c21 cm. |
||
| 336 |
_atexto _btxt _2rdacontent |
||
| 337 |
_asin mediación _bn _2rdamedia |
||
| 338 |
_avolumen _bnc _2rdacarrier |
||
| 504 | _aBibliografía : páginas 139-146 | ||
| 650 | 4 |
_aDrogadicción _xTerapia _942177 |
|
| 650 | 4 |
_aAprendizaje _xEfectos de la droga _942178 |
|
| 650 | 4 |
_aConsejeria en abuso de drogas _942179 |
|
| 700 | 1 |
_aOrdaz Ducungé, Eduardo B., _eprologuista _4pr. _942180 |
|
| 942 |
_2ddc _cLBS1 |
||
| 999 |
_c19236 _d19236 |
||